000 00317nam a22001337a 4500
008 170529b xxu||||| |||| 00| 0 eng d
020 _a04710611182
041 _aeng
080 _a62
100 _a27
101 _aIM
245 _aPARAMETEER ESTIMATION IN ENGINEERING AND SCIENCE
_cBECK.J.V
942 _2udc
_cBK
999 _c14824
_d14824